Elaboración de un manual para la configuración de asterisk

Presenta un manual para la configuración de Asterisk, muestra análisis de protocolo IP, se estudian la tecnología de VoIP y se determina la importancia de los codecs en VoIP.

Bibliographic Details
Main Authors: Roque, Deyanira del Socorro, Rodríguez Espinoza, Roxana
Other Authors: Tutor: Dalla-Torre Parrales, Cedrick Elksnher
Format: Tesis Section = Libro
Language:Undetermined
Spanish
Published: Managua UNI 2010
Subjects:
LEADER 00930nam a2200241Ia 4500
008 240830s9999 xx 000 0 und d
040 |a BIBLIOTECA-RUSB/ T.Mon 004.6 R786 
041 |a spa 
082 |a T.Mon 004.6 R786 
100 1 |a Roque, Deyanira del Socorro 
100 1 |b  Rodríguez Espinoza, Roxana 
245 1 0 |a Elaboración de un manual para la configuración de asterisk 
260 |a Managua  |b UNI  |c 2010 
300 |a 45 p. :il. 
502 |a Tesis (Ingeniero Electrónico) - UNI, 2010. 
520 3 |a Presenta un manual para la configuración de Asterisk, muestra análisis de protocolo IP, se estudian la tecnología de VoIP y se determina la importancia de los codecs en VoIP. 
650 7 |a PROGRAMA DE SOFTWARE - CENTRAL TELEFÓNICA 
650 7 |b  TELECOMUNICACIONES 
650 7 |c  TELEFONÍA IP 
700 1 |a Tutor:  |b Dalla-Torre Parrales, Cedrick Elksnher 
942 |c BK  |2 ddc 
991 |a TESIS 
999 |c 21576